000 00884cam a2200301 i 4500
001 4427597
003 ARRUPE
005 20161103113157.0
008 761109s1976 enk b 000 0 eng
010 _a76375919
020 _a0281029156 :
035 _a(OCoLC)2633506
035 _a(OCoLC)ocm02633506
035 _a(NNC)4427597
040 _aDLC
_cDLC
_dNNUT
050 0 _aBM155.2
_b.P64
090 _aBM155.2
_b.P64
100 1 _aPolack, A. I.
_q(Albert Isaac),
_d1892-
_927268
245 1 0 _aCup of life :
_ba short history of post-biblical Judaism /
_cAlbert I. Polack and Joan Lawrence.
260 _aLondon :
_bSPCK,
_cc1976.
300 _avii, 187 p. ;
_c22 cm.
504 _aBibliography: p. [183]-186.
650 2 0 _aJews
_xHistory
_y70-
_927269
650 0 _aJudaism
_xHistory.
_9684
700 1 _aLawrence, Joan.
_927270
942 _2lcc
_cMONOGRAPH
999 _c125665
_d125665